Statistics for Which Top 10 Countries Visit Italy The Most?

Click here to take the quiz!

General Stats

  • This quiz has been taken 33 times
  • The average score is 9 of 10

Answer Stats

HintAnswer% Correct
4 MFrance
100%
12 MGermany
100%
2.2 MSpain
100%
3.6 MUnited Kingdom
100%
2.6 MAustria
97%
3.0 MSwitzerland
97%
3.1 MChina
94%
1.7 MRussia
94%
6 MUnited States
94%
2.1 MNetherlands
72%

Score Distribution

Percentile by Number Answered

Percent of People with Each Score

Your Score History

You have not taken this quiz